book character trivia - Statistics

General Stats
  • This quiz has been taken 7 times
  • The average score is 4 of 20
Answer Stats
book character hints character % Correct
loves blue waffles percy
83%
A dragon rider Eragon
67%
Hate sand Anakin
50%
Falls in love with a girl who is marooned on an island Leo
33%
girl who is cursed with turning into a snake nagini
33%
helps the protagonist save 200 slaves Sam
33%
original owner of the flying motorcycle Sirius
33%
kills himself because the protagonist doesn't love him Al
17%
loses memory at the end of the series Day
17%
other form is a wolf Fenrys
17%
secret descendent of the demon king Han
17%
killed in an explosion with several children Primrose
17%
must be asked "do you mind?" tug
17%
controls the shadows Adelina
0%
blonde and elegant Alyss
0%
unstoppable hero, true hero of the story Aragorn
0%
Loves to wear boat shoes Gansey
0%
smokes too much pippin
0%
was created in a jar to be a pawn for the super villian snoke
0%
know it all, dies wrapped up in a cape suriel
0%
No matching quizzes found
Score Distribution
Percent of People with Each Score
Percentile by Number Answered
Your Score History
You have not taken this quiz